Online Catalogue and eLibrary

Women's Struggles and Strategies (Record no. 4494)

MARC details
000 -LEADER
fixed length control field 00519nam a2200193Ia 4500
005 - DATE AND TIME OF LATEST TRANSACTION
control field 20250219011608.0
008 - FIXED-LENGTH DATA ELEMENTS--GENERAL INFORMATION
fixed length control field 240331s9999 xx 000 0 und d
020 ## - INTERNATIONAL STANDARD BOOK NUMBER
ISBN 0566057255
082 ## - DDC Classification
Item Number - Author Mark WIE
DDC Edition Number 6397
Class No. 305.4
245 #0 - TITLE STATEMENT
Title Women's Struggles and Strategies
260 ## - PUBLICATION, DISTRIBUTION, ETC.
Place of publication, distribution, etc. Aldershot;
-- Brookfield
Name of publisher, distributor, etc. Gower Publishing Company Limited
Date of publication, distribution, etc. 1988
300 ## - PHYSICAL DESCRIPTION
Extent (e.g. Volumes, Pages etc.) viii, 159 p.,
650 ## - SUBJECT ADDED ENTRY--TOPICAL TERM
Topical term or geographic name entry element Women
650 ## - SUBJECT ADDED ENTRY--TOPICAL TERM
Topical term or geographic name entry element Feminism
650 ## - SUBJECT ADDED ENTRY--TOPICAL TERM
Topical term or geographic name entry element Women's Movement
650 ## - SUBJECT ADDED ENTRY--TOPICAL TERM
Topical term or geographic name entry element Women's Liberation
700 ## - ADDED ENTRY--PERSONAL NAME
Personal name Wieringa, S
Relator term (Role) Editor
942 ## - Koha item type (Biblio)
Koha item type Books in Stacks (Lending)
Holdings
Lost status Damaged status Collection code Home library Current library Shelving location Date acquired Full call number Accession Number Item type
    Lending WERC Library WERC Library Social Science Cupboard 03/31/2024 305.4 WOM 6397 Books in Stacks (Lending)

© WERC Library